书目信息 |
| 题名: |
创新思维法
|
|
| 作者: | 杨雁斌 编著 | |
| 分册: | ||
| 出版信息: | 上海 华东理工大学出版社 2002 |
|
| 页数: | 205页 | |
| 开本: | 21cm | |
| 丛书名: | ||
| 单 册: | ||
| 中图分类: | G630 , B804 | |
| 科图分类: | ||
| 主题词: | 创造性思维--中小学--课外读物 , 创造性思维 , 思维科学 | |
| 电子资源: | ||
| ISBN: | 7-5628-1268-3 | |
| 000 | 00857nam0 2200277 450 | |
| 001 | 0934347050 | |
| 005 | 20090927093641.70 | |
| 010 | @a7-5628-1268-3@dCNY10.80 | |
| 100 | @a20021016d2002----em-y0chiy0110----ea | |
| 101 | 0 | @achi |
| 102 | @aCN@b310000 | |
| 105 | @ay---z---000yy | |
| 106 | @ar | |
| 200 | 1 | @a创新思维法@f杨雁斌编著@Achuang xin si wei fa |
| 205 | @a2版 | |
| 210 | @a上海@c华东理工大学出版社@d2002 | |
| 215 | @a205页@d21cm | |
| 330 | @a本书旨在激发青少年的创新热情,用浅显而有趣的事例说明创新思维开发的基本概念、重要意义及培养创新思维能力的各种方法和途径。 | |
| 606 | 0 | @a创造性思维@x中小学@j课外读物 |
| 606 | 0 | @a创造性思维 |
| 606 | 0 | @a思维科学 |
| 690 | @aG630@v4 | |
| 690 | @aB804@v4 | |
| 701 | 0 | @a杨雁斌@4编著@Ayang yan bin |
| 801 | 0 | @aCN@b大连网信软件有限公司图书馆·11@c20090927 |
| 905 | @a10447@dB804@eJY7 | |
| 创新思维法/杨雁斌编著.-2版 .-上海:华东理工大学出版社,2002 |
| 205页;21cm |
| ISBN 7-5628-1268-3:CNY10.80 |
| 本书旨在激发青少年的创新热情,用浅显而有趣的事例说明创新思维开发的基本概念、重要意义及培养创新思维能力的各种方法和途径。 |
| ● |
| 相关链接 |
|
|
|
|
正题名:创新思维法
索取号:B804/JY7
 
预约/预借
| 序号 | 登录号 | 条形码 | 馆藏地/架位号 | 状态 | 备注 |
| 1 | 7809959 | 278099594 | 学院路分馆/ [索取号:B804/JY7] | 在馆 | |
| 2 | 7809960 | 278099601 | 学院路分馆/ [索取号:B804/JY7] | 在馆 | |
| 3 | 7809961 | 278099610 | 学院路分馆/ [索取号:B804/JY7] | 在馆 | |
| 4 | 7809962 | 278099629 | 学院路分馆/ [索取号:B804/JY7] | 在馆 | |
| 5 | 7809963 | 278099638 | 学院路分馆/ [索取号:B804/JY7] | 在馆 | |
| 6 | 7809964 | 278099647 | 学院路分馆/ [索取号:B804/JY7] | 在馆 | |
| 7 | 7809965 | 278099656 | 学院路分馆/ [索取号:B804/JY7] | 在馆 | |
| 8 | 7809966 | 278099665 | 学院路分馆/ [索取号:B804/JY7] | 在馆 | |
| 9 | 7809967 | 278099674 | 学院路分馆/ [索取号:B804/JY7] | 在馆 |